[Event "Orsay Blitz op"]
[Site "Europe Echecs INT"]
[Date "2023.09.17"]
[Round "7"]
[White "Gaudin, Sebastien"]
[Black "Brulhard, Cedric"]
[Result "1-0"]
[WhiteElo "1764"]
[BlackElo "1349"]
[PlyCount "31"]
[EventDate "2023.09.17"]
[EventType "swiss (blitz)"]
[EventRounds "11"]
[EventCountry "FRA"]
[SourceTitle "EXT 2025"]
[Source "ChessBase"]
[SourceDate "2024.10.14"]
[SourceVersion "1"]
[SourceVersionDate "2024.10.14"]
[SourceQuality "1"]

1. e4 e5 2. Nf3 Nc6 3. Bc4 Nf6 4. Ng5 d5 5. exd5 Na5 6. Bb5+ c6 7. dxc6 bxc6 8. Qf3 Be7 9. Ne4 Nxe4 10. Qxe4 cxb5 11. Qxa8 0-0 12. Qxa7 Nc4 13. b3 Nd6 14. Bb2 e4 15. Qd4 Bb7 16. Qxg7# 1-0

[Event "Orsay Blitz op"]
[Site "Europe Echecs INT"]
[Date "2023.09.17"]
[Round "11"]
[White "Gaudin, Sebastien"]
[Black "Ninin, Gabriel"]
[Result "1-0"]
[WhiteElo "1764"]
[BlackElo "1426"]
[PlyCount "83"]
[EventDate "2023.09.17"]
[EventType "swiss (blitz)"]
[EventRounds "11"]
[EventCountry "FRA"]
[SourceTitle "EXT 2025"]
[Source "ChessBase"]
[SourceDate "2024.10.14"]
[SourceVersion "1"]
[SourceVersionDate "2024.10.14"]
[SourceQuality "1"]

1. e4 e5 2. Nf3 Nf6 3. Nxe5 d6 4. Nxf7 Kxf7 5. d4 Bg4 6. f3 Bh5 7. g4 Bg6 8. h4 h5 9. g5 Nfd7 10. Bc4+ Ke8 11. Nc3 c6 12. f4 Bxe4 13. Nxe4 d5 14. Bb3 Qe7 15. 0-0 dxe4 16. Re1 c5 17. d5 c4 18. Ba4 Qc5+ 19. Be3 Qb4 20. c3 Qxb2 21. Bd4 Kd8 22. Rb1 Qxa2 23. Rxb7 Bc5 24. Bxc5 Nxc5 25. Bc6 Nxb7 26. Bxb7 Kc7 27. Bxa8 Nd7 28. d6+ Kb6 29. Bxe4 Rf8 30. Qd4+ Nc5 31. Rb1+ Ka6 32. Qxc5 Rb8 33. Qc6+ Rb6 34. Qc8+ Ka5 35. Qc5+ Ka6 36. Rxb6+ axb6 37. Qc8+ Kb5 38. Bc6+ Kc5 39. Bg2+ Kb5 40. Qc6+ Ka5 41. Qa8+ Kb5 42. Qxa2 1-0

[Event "Ligue-ch"]
[Site "Evry"]
[Date "2003.05.18"]
[Round "2.13"]
[White "Gaudin, Sebastien"]
[Black "Brunel, Eric"]
[Result "0-1"]
[WhiteElo "1720"]
[BlackElo "1910"]
[PlyCount "82"]
[EventDate "2003.05.??"]
[EventType "swiss"]
[EventRounds "5"]
[EventCountry "FRA"]
[SourceTitle "EXT 2004"]
[Source "ChessBase"]
[SourceDate "2003.11.25"]
[SourceVersion "1"]
[SourceVersionDate "2003.11.25"]
[SourceQuality "1"]

1. e4 d6 2. d4 g6 3. f4 Bg7 4. Nf3 c5 5. c3 Qb6 6. Na3 Nf6 7. Bd3 cxd4 8. Nxd4 Nc6 9. Nc4 Qc5 10. Nb3 Qh5 11. Qxh5 Nxh5 12. f5 0-0 13. 0-0 b6 14. Bg5 Nf6 15. Rae1 Ng4 16. h3 Nge5 17. Nxe5 Bxe5 18. Bb5 Bb7 19. Bxc6 Bxc6 20. Bxe7 Rfe8 21. f6 Bb5 22. Rf3 Bc4 23. Nc1 Rac8 24. b3 Ba6 25. c4 b5 26. cxb5 Bxb5 27. a4 Ba6 28. Nd3 Bc3 29. Rd1 Bd4+ 30. Kh1 Rc3 31. Nf4 Rxf3 32. gxf3 Be5 33. Nd5 Be2 34. Re1 Bxf3+ 35. Kg1 Rc8 36. Kf2 Bh5 37. Ne3 Rc3 38. b4 h6 39. Kf1 Bg3 40. Ng4 Bxg4 41. hxg4 Bxe1 0-1

[Event "Ligue-ch"]
[Site "Evry"]
[Date "2003.05.17"]
[Round "1.11"]
[White "Hogrel, Nicolas"]
[Black "Gaudin, Sebastien"]
[Result "1-0"]
[WhiteElo "2000"]
[BlackElo "1720"]
[PlyCount "49"]
[EventDate "2003.05.??"]
[EventType "swiss"]
[EventRounds "5"]
[EventCountry "FRA"]
[SourceTitle "EXT 2004"]
[Source "ChessBase"]
[SourceDate "2003.11.25"]
[SourceVersion "1"]
[SourceVersionDate "2003.11.25"]
[SourceQuality "1"]

1. e4 c6 2. c4 d5 3. exd5 cxd5 4. cxd5 Qxd5 5. Nc3 Qa5 6. d4 Nf6 7. Bc4 e6 8. Nf3 Bb4 9. Bd2 Nc6 10. 0-0 Qd8 11. a3 Be7 12. Bf4 Nh5 13. Be3 Nf6 14. Ne5 0-0 15. Rc1 a6 16. Bd3 Qa5 17. Nxc6 bxc6 18. Ne4 Bb7 19. Nc5 Bxc5 20. Rxc5 Qb6 21. Qc2 g6 22. d5 Nxd5 23. Rxd5 Qxe3 24. fxe3 cxd5 25. Qc7 1-0